书目信息 |
| 题名: |
农村公共政策与分析
|
|
| 作者: | 左停 | |
| 分册: | ||
| 出版信息: | 中国农业大学出版社 2009.01 |
|
| 页数: | 426页 | |
| 开本: | 20cm | |
| 丛书名: | ||
| 单 册: | ||
| 中图分类: | F320 | |
| 科图分类: | ||
| 主题词: | 农业经济--中国 | |
| 电子资源: | ||
| ISBN: | 978-7-81117-566-0 | |
| 000 | 00530nam0 2200205 45 | |
| 001 | 0952033691 | |
| 005 | 20091018142936.39 | |
| 010 | @a978-7-81117-566-0@dCNY40.00 | |
| 100 | @a20090515d2009 ekmy0 y0120 ea | |
| 102 | @aCN@b130000 | |
| 105 | @ay z 000yy | |
| 200 | 1 | @a农村公共政策与分析@f左停@Fzuo ting |
| 210 | @c中国农业大学出版社@d2009.01 | |
| 215 | @a426页@d20cm | |
| 606 | 0 | @a农业经济@x中国 |
| 690 | @aF320@v4 | |
| 701 | 0 | @a左停@Azuo ting |
| 801 | 0 | @aCN@c20091018 |
| 905 | @a10447@dF320@eZ991 | |
| 906 | @d40@n3@r1 | |
| 农村公共政策与分析/左停.-中国农业大学出版社,2009.01 |
| 426页;20cm |
| ISBN 978-7-81117-566-0:CNY40.00 |
| ● |
| 相关链接 |
|
|
|
正题名:农村公共政策与分析
索取号:F320/Z991
 
预约/预借
| 序号 | 登录号 | 条形码 | 馆藏地/架位号 | 状态 | 备注 |
| 1 | 890326 | 208903267 | 社科库409/400A自科库 8排1列3层/ [索取号:F320/Z991] | 在馆 | |
| 2 | 890327 | 208903276 | 社科库409/409社科库 33排1列2层/ [索取号:F320/Z991] | 在馆 | |
| 3 | 890328 | 208903285 | 社科库409/400A自科库 8排1列3层/ [索取号:F320/Z991] | 在馆 |